1480 1233 1246 1380 1015 1005 1027 1916 1030 1881 1216 1809 1750 1296 1102 1796 1103 1728 1429 1627 1667 1284 1135 1425 1402 1538 1195 1581 1850 1381 1108 1535 1206 1562 1369 1079 1821 1730 1562 1122 1460 1583 1007 1600 1041 1810 1157 1362 1607 1998 1111 1012 1440 1889 1897 1968 1671 1012 1716 1535 1592 1907 1690 1111 1192 1274 1187 1236 1029 1631 1135 1284 1148 1484 1908 1621 1364 1248 1797 1351 1470 1294 1912 1284 1655 1868 1513 1596 1448 1525 1098 1854 1674 1516 1462 1460 1491 1589 1284 BCNSPRNW ULIB Ver.6.0+V

เปลี่ยนเป็นภาษาไทย

Change to English
 แสดงรายละเอียดบรรณานุกรม
  กลับหน้าหลัก

Brief Record : Get Marc (ISO 2709) : E-mail record : QR code < ปิดหน้าต่าง
LEADER : 00000nam 2200000uu 4500
001    13399109462
003     ULIB
008    110401s2543||||th 000 0 tha d
020    9742937842
041 0  tha
099    วจ.WX150^bพ361ก 2543
245 00 รายงานการวิจัยกรณีศึกษาโรงพยาบาลชุมชน 12แห่งเพื่อกำหนดภาพลักษณ์และกลยุทธ์การพัฒนาโรงพยาบาลชุมชนในสองทศวรรษหน้า /^cโดย อำพล จินดาวัฒนะ ... [และคนอื่นๆ] ; สุทธิสิทธิ์ ไมตรีจิตร์, บรรณาธิการ
246 30 กรณีศึกษาโรงพยาบาลชุมชน 12แห่งเพื่อกำหนดภาพลักษณ์และกลยุทธ์การพัฒนาโรงพยาบาลชุมชนในสองทศวรรษหน้า
260    นนทบุรี :^bสถาบันพระบรมราชชนก,^c2543
300    ก, 233 หน้า ;^c26 ซม.
490 0  ชุดรายงานการศึกษาโรงพยาบาลชุมชน
650  7 การบริหารโรงพยาบาล^vวิจัย
650  7 การปฏิรูประบบสาธารณสุข^vวิจัย
650  7 โรงพยาบาลชุมชน^vวิจัย
650  7 วิจัย
700 0  อำพล จินดาวัฒนะ
700 0  สุทธิสิทธ์ ไมตรีจิตร์,^eบรรณาธิการ
710 2  สถาบันพระบรมราชชนก
945    ^p0^l0^i013562
995    ทศพร
999 ^a ใช้งานได้ทุกระบบ
รายการนี้ยังไม่มีแท็ก
คุณยังไม่ได้ล็อกอิน คุณสามารถมีกิจกรรมร่วมกับเว็บไซต์ได้ แต่ต้องล็อกอินก่อน ::
  ล็อกอิน

รายการสื่อสารสนเทศ

ลำดับที่ ประเภท เลขเรียก/บาร์โค้ด สถานที่ สถานะ
- ไม่พบข้อมูล -

รายการใกล้เคียง
    หัวเรื่อง [วิจัย]

BibComment


ยังไม่เคยถูกคอมเมนท์

คอมเมนท์ทรัพยากรรายการนี้
  คอมเมนท์: รายงานการวิจัยกรณ..


 Copyright 2026. Bcnsprnw @Library